top 15 meilleur marqeur NBA - Statistiques

Statistiques générales
  • Ce quiz a été pris 106 fois
  • Le résultat moyen est 9 sur 15
Statistiques - réponses
Indice Répondre % Correct
1 James LeBron
93%
2 Kareem Abdul Jabbar
88%
5 micheal jordan
87%
4 Kobe bryant
83%
3 Karl Malone
70%
9 kevin Durant
70%
7 Wilt Chamberlain
68%
11 Moses Malone
66%
8 Shaquille O'Neal
63%
6 Dirk Nowitzki
57%
10 Carmelo Anthony
48%
13 Hakeem Olajuwon
48%
14 Oscar Robertson
24%
15 Dominique Wilkins
18%
12 Elvin Hayes
14%
Aucun quiz correspondant
Distribution des résultats
% des personnes avec chaque résultat
Percentile par nombre de réponses
Votre historique - résultats
Vous n’avez pas pris ce quiz